Statistiques concernant 10 Équipes de Football légendaires (21ème siècle) #3

Cliquez ici pour prendre le quiz!

Statistiques générales

  • Ce quiz a été pris 71 fois
  • Le résultat moyen est 63 sur 120

Statistiques - réponses

PositionJoueur% Correct
AttLéo Messi
98%
AttLuis Suarez
98%
MilAndrès Iniesta
97%
AttNeymar
97%
GMarc-André Ter Stegen
95%
AttKylian Mbappé
94%
AttRobert Lewandowski
92%
MilSergio Busquets
92%
DefGerard Piqué
89%
MilMarco Reus
89%
AttRadamel Falcao
89%
AttAntoine Griezmann
88%
MilBernardo Silva
88%
DefDani Alves
88%
MilN'golo Kanté
88%
DefJordi Alba
84%
MilAdrien Silva
83%
MilFabinho
83%
DefBenjamin Pavard
81%
AttCristiano Ronaldo
81%
AttJamie Vardy
81%
CoachLuis Enrique
81%
DefRaphael Varane
81%
DefLucas Hernandez
80%
GManuel Neuer
80%
DefMats Hummels
80%
AttOlivier Giroud
80%
MilPaul Pogba
80%
MilRiyad Mahrez
80%
GHugo Lloris
78%
GJan Oblak
77%
CoachDidier Deschamps
75%
DefJoshua Kimmich
75%
DefPepe
75%
MilBlaise Matuidi
73%
GDanijel Subasic
73%
MilRakitic
73%
MilThomas Muller
72%
DefDiego Godin
70%
MilKoke
69%
DefBenjamin Mendy
67%
MilKingsley Coman
67%
MilLeon Goretzka
67%
CoachDiego Simeone
66%
DefDjibril Sidibé
66%
DefJavier Mascherano
66%
DefKamil Glik
66%
GRui Patricio
66%
CoachJurgen Klopp
64%
DefAlphonso Davies
63%
DefJêrome Boateng
63%
MilSteven Gerrard
63%
MilMario Gotze
58%
DefFilipe Luis
56%
MilSerge Gnabry
56%
GKasper Schmeichel
53%
MilSaul
53%
AttFernando Torres
52%
MilJoao Moutinho
50%
CoachJosé Mourinho
48%
DefJuanfran
48%
CoachLeonardo Jardim
48%
CoachClaudio Ranieri
47%
DefJorge Costa
47%
MilTiémoué Bakayoko
47%
DefDavid Alaba
45%
MilIlkay Gundogan
45%
MilDanny Drinkwater
42%
CoachHansi Flick
42%
AttNani
42%
MilDeco
41%
MilGabi
41%
DefRicardo Carvalho
41%
MilWilliam Carvalho
41%
GRoman Weidenfeller
39%
MilThiago
39%
MilRenato Sanches
34%
MilYannick Carrasco
34%
DefMarcel Schmelzer
33%
DefRaphaël Guerreiro
33%
DefJemerson
30%
DefLukasz Piszczek
30%
MilXabi Alonso
30%
DefStefan Savic
28%
GJerzy Dudek
25%
DefNeven Subotic
25%
DefJosé Fonte
23%
DefWes Morgan
23%
DefJamie Carragher
22%
CoachRafael Benitez
22%
AttShinji Okazaki
22%
CoachFernando Santos
20%
MilManiche
20%
DefChristian Fuchs
19%
MilJoao Mario
19%
AttJakub Błaszczykowski
17%
MilMarc Albrighton
17%
DefSamuel Umiti
17%
GVitor Baia
17%
DefCédric
16%
DefRobert Huth
14%
DefDanny Simpson
11%
AttMilan Baros
9%
DefPaulo Ferreira
9%
MilSven Bender
9%
MilPedro Mendes
8%
MilCostinha
6%
MilJohn Arne Riise
6%
MilLuis Garcia
6%
AttDerlei
5%
AttHarry Kewell
5%
DefSami Hyypia
5%
AttCarlos Alberto
3%
DefDjimi Traoré
3%
DefNuno Valente
3%
DefSteve Finnan
2%

Distribution des résultats

Percentile par nombre de réponses

% des personnes avec chaque résultat

Votre développement - résultats

Vous n’avez pas pris ce quiz